Ngôn ngữ lập trình AUTOLISP trong AUTOCAD 2004
Sách gồm 11 bày trình bày những vấn đề chính như sử dụng môi trường Visual LISP, tạo các trình ứng dụng, bảo quản các trình ứng dụng Visual LISP ...
Na minha lista:
| Autor principal: | |
|---|---|
| Formato: | Livro |
| Idioma: | Undetermined |
| Publicado em: |
Thành phố Hồ Chí Minh
Thống Kê
2003
|
| Assuntos: | |
| Tags: |
Adicionar Tag
Sem tags, seja o primeiro a adicionar uma tag!
|
| Thư viện lưu trữ: | Trung tâm Học liệu Trường Đại học Cần Thơ |
|---|
| LEADER | 00898nam a2200205Ia 4500 | ||
|---|---|---|---|
| 001 | CTU_56982 | ||
| 008 | 210402s9999 xx 000 0 und d | ||
| 020 | |b 50000 | ||
| 082 | |a 006.68 | ||
| 082 | |b Đ561/T.4 | ||
| 100 | |a Phạm, Thành Đường | ||
| 245 | 0 | |a Ngôn ngữ lập trình AUTOLISP trong AUTOCAD 2004 | |
| 245 | 0 | |c Phạm Thành Đường | |
| 260 | |a Thành phố Hồ Chí Minh | ||
| 260 | |b Thống Kê | ||
| 260 | |c 2003 | ||
| 520 | |a Sách gồm 11 bày trình bày những vấn đề chính như sử dụng môi trường Visual LISP, tạo các trình ứng dụng, bảo quản các trình ứng dụng Visual LISP ... | ||
| 650 | |a Autocad ( computer programs ),Computer drawing languages,Autolisp ( computer program language ) | ||
| 904 | |i Trọng Hải | ||
| 980 | |a Trung tâm Học liệu Trường Đại học Cần Thơ | ||